• 首页
  • 本馆介绍
  • 公告通知
  • 最新文献
  • 馆藏检索
  • 电子资源
  • 读者导购
  • 参考咨询
  • 我的图书馆
  • 登录
  • 详细信息显示
  • 放入我的书架
  • 预约/预借图书
  • 作者相关作品
  • 分类相关作品
  • 丛书相关作品
  • 出版社相关作品

书目信息

  • 表格格式
  • 工作单格式
  • 卡片格式
题名:
恩格斯与保尔.拉法格.劳拉.拉法格通信集第一卷1868-1886
    
 
作者: 北外语学院法语专场专业73级师生合 译
分册:  
出版信息: 北京   人民出版社  1979.04
页数: 514
开本: 大32
丛书名:
单 册:
中图分类: A13
科图分类:
主题词:
电子资源:
ISBN:
000 00594nam0 2200169 45
001 0181023502
005 20060817083924.10
010    @b精装@dCNY1.55
100    @a20810111d km y0chiy0120 ea
101 0  @achi
200 1  @AEN GE SI YU BAO ER. LA FA GE. LAO LA. LA FA GE TONG XIN JI D@FBEI WAI YU XUE YUAN FA YU ZHUA@a恩格斯与保尔.拉法格.劳拉.拉法格通信集第一卷1868-1886@f北外语学院法语专场专业73级师生合译
210    @a北京@c人民出版社@d1979.04
215    @a514@c无图表@d大32
690    @aA13
701 0  @a北外语学院法语专场专业73级师生合@4译
801    @aCN@bTSTC@c20060817
905    @dA13@e32:1@f1
    
    恩格斯与保尔.拉法格.劳拉.拉法格通信集第一卷1868-1886/北外语学院法语专场专业73级师生合译.-北京:人民出版社,1979.04
    514:无图表;大32
    
    
    ISBN (精装):CNY1.55
    
●
相关链接 在E读中查询图书 在五车中查询图书 在当当中查询图书 在豆瓣中查询图书


正题名:恩格斯与保尔·拉法格·劳拉·拉法格通信集第一卷1868-1886     索取号:A13/32:1         预约/预借

序号 登录号 条形码 馆藏地/架位号 状态 备注
1 0465205   204652054   密集书库/ [索取号:A13/32:1] 在馆    
唐山师范学院图书馆 欢迎您!
大连网信软件有限公司© 版权所有